Statistics for Biggest Mongol Empire Countries

Click here to take the quiz!

General Stats

  • This quiz has been taken 31,209 times
  • The average score is 8 of 10

Answer Stats

%km2Country% Correct
999,500,000China
100%
254,280,000Russia
98%
1001,560,000Mongolia
95%
1002,730,000Kazakhstan
93%
1001,650,000Iran
85%
65570,000Pakistan
81%
100652,000Afghanistan
78%
65510,000Turkey
76%
100488,000Turkmenistan
75%
98590,000Ukraine
69%

Score Distribution

Percentile by Number Answered

Percent of People with Each Score

Your Score History

You have not taken this quiz